00373nam a2200145Ia 4500003000400000005001700004008004100021020001800062041000800080082002400088100001900112245006000131260002700191300000900218OSt20241203160941.0230411s9999 xx 000 0 und d a9789392019265 aeng aF/610.73/FRA/B09951 aNayanamanasa V aNursing Foundation - I for BSc Nursing Students Sem - I bBookera aJaipurc2021 a448p